MISSIONI CONSOLATA. DICEMBRE 1997. RIVISTA MISSIONARIA FAMIGLIA. AMERICA LATINA. BAMBINI DI NATALE. (Record n. 331296)
[ formato base ]
| 000 -LEADER | |
|---|---|
| fixed length control field | 01564nas a2200277Ia 4500 |
| 001 - CONTROL NUMBER | |
| control field | R050-S2708 |
| 003 - CONTROL NUMBER IDENTIFIER | |
| control field | IT-CnALBA |
| 008 - FIXED-LENGTH DATA ELEMENTS--GENERAL INFORMATION | |
| fixed length control field | 170116c99999999xx |||||||||||| ||und|| |
| 040 ## - CATALOGING SOURCE | |
| Original cataloging agency | IT-CnALBA |
| Transcribing agency | IT-CnALBA |
| 041 ## - LANGUAGE CODE | |
| Language code of text/sound track or separate title | ITALIANO |
| 999 ## - SYSTEM CONTROL NUMBERS (KOHA) | |
| Koha Dewey Subclass [OBSOLETE] | NO |
| 100 ## - MAIN ENTRY--PERSONAL NAME | |
| Personal name | BERNARDI FRANCESCO |
| 210 ## - ABBREVIATED TITLE | |
| Abbreviated title | MISSIONI CONSOLATA |
| 222 ## - KEY TITLE | |
| Key title | MISSIONI CONSOLATA |
| 245 #0 - TITLE STATEMENT | |
| Title | MISSIONI CONSOLATA. DICEMBRE 1997. RIVISTA MISSIONARIA FAMIGLIA. AMERICA LATINA. BAMBINI DI NATALE. |
| 250 ## - EDITION STATEMENT | |
| Edition statement | 1a ed. |
| 260 ## - PUBLICATION, DISTRIBUTION, ETC. (IMPRINT) | |
| Place of publication, distribution, etc. | TORINO - ROMA |
| Name of publisher, distributor, etc. | MISSIONI CONSOLATA |
| Date of publication, distribution, etc. | 1997 [1° Ed.:1997 - Ed.Ling.Originale: 1997] |
| 300 ## - PHYSICAL DESCRIPTION | |
| Extent | 64 p. |
| 310 ## - CURRENT PUBLICATION FREQUENCY | |
| Current publication frequency | MENSILE |
| 362 ## - DATES OF PUBLICATION AND/OR SEQUENTIAL DESIGNATION | |
| Dates of publication and/or sequential designation | Fascicolo: 12 / Anno: 99 (1997) |
| 500 ## - GENERAL NOTE | |
| General note | ZAIRE. UN DESIDERIO DIETRO L'ALTRO. LETTERA AI MISSIONARI. PRANZO DI NATALE. MADAGASCAR, IL PIANTO DEL BAOBAB. IL BEATO GIOVANNI B. SCALABRINI, TASSELLO G. KENYA, NODI AL PETTINE. COLOMBIA, I SENTIERI DELLA GUERRIGLIA, MAZZOLENI G. FILIPPINE, LE BARACCHE DI MANILA. DIRITTI UMANI, RIVOLUZIONE INCOMPIUTA. CHIESA NEL MONDO, MEDICINA INDIGENA. |
| 501 ## - WITH NOTE | |
| With note | Società San Paolo EM - Piazza San Paolo, 14 - 12051 ALBA (CN) (non commercial uses only) ® Copyright 2017 |
| 520 ## - SUMMARY, ETC. | |
| Summary, etc. | ZAIRE. UN DESIDERIO DIETRO L'ALTRO. LETTERA AI MISSIONARI. PRANZO DI NATALE. MADAGASCAR, IL PIANTO DEL BAOBAB. IL BEATO GIOVANNI B. SCALABRINI, TASSELLO G. KENYA, NODI AL PETTINE. COLOMBIA, I SENTIERI DELLA GUERRIGLIA, MAZZOLENI G. FILIPPINE, LE BARACCHE DI MANILA. DIRITTI UMANI, RIVOLUZIONE INCOMPIUTA. CHIESA NEL MONDO, MEDICINA INDIGENA. |
| 650 ## - SUBJECT ADDED ENTRY--TOPICAL TERM | |
| Topical term or geographic name as entry element | MISSIONOLOGIA |
| 942 ## - ADDED ENTRY ELEMENTS (KOHA) | |
| Koha item type | RIVISTA |
| 957 ## - | |
| -- | 1 |
| 999 ## - SYSTEM CONTROL NUMBERS (KOHA) | |
| -- | 1 |
| Withdrawn status | Lost status | Damaged status | Not for loan | Home library | Current library | Date acquired | Total Checkouts | Full call number | Date last seen | Price effective from | Koha item type | Public note |
|---|---|---|---|---|---|---|---|---|---|---|---|---|
| Buone Condizioni | Not For Loan | ALBA - Biblioteca | ALBA - Biblioteca | 16/01/2017 | R050-S2708 | 16/01/2017 | 16/01/2017 | RIVISTA | (data import: 16 gennaio 2017) - By Epidotti, Vaglietti. |